Introduction to probability and statistics for engineers and scientists / (Record no. 12841)
[ view plain ]
| 000 -LEADER | |
|---|---|
| fixed length control field | 01344cam a2200373 a 4500 |
| 001 - CONTROL NUMBER | |
| control field | 15551622 |
| 003 - CONTROL NUMBER IDENTIFIER | |
| control field | EG-ScBUE |
| 005 - DATE AND TIME OF LATEST TRANSACTION | |
| control field | 20241110100714.0 |
| 006 - FIXED-LENGTH DATA ELEMENTS--ADDITIONAL MATERIAL CHARACTERISTICS--GENERAL INFORMATION | |
| fixed length control field | m||||fq||h 00| 0 |
| 008 - FIXED-LENGTH DATA ELEMENTS--GENERAL INFORMATION | |
| fixed length control field | 081210t2009 maua f 001 0 eng d |
| 020 ## - INTERNATIONAL STANDARD BOOK NUMBER | |
| International Standard Book Number | 9780123704832 (hardcover : alk. paper) |
| 020 ## - INTERNATIONAL STANDARD BOOK NUMBER | |
| International Standard Book Number | 0123704839 (hardcover : alk. paper) |
| 040 ## - CATALOGING SOURCE | |
| Original cataloging agency | EG-ScBUE |
| Language of cataloging | eng |
| Description conventions | rda |
| Transcribing agency | EG-ScBUE |
| Modifying agency | EG-ScBUE |
| 082 04 - DEWEY DECIMAL CLASSIFICATION NUMBER | |
| Classification number | 519.2 |
| Edition number | 22 |
| Item number | ROS |
| 100 1# - MAIN ENTRY--PERSONAL NAME | |
| Personal name | Ross, Sheldon M., |
| Relator term | author. |
| 9 (RLIN) | 9098 |
| 245 10 - TITLE STATEMENT | |
| Title | Introduction to probability and statistics for engineers and scientists / |
| Statement of responsibility, etc | Sheldon M. Ross, Department of Industrial Engineering and Operations Research, University of California, Berkeley. |
| 250 ## - EDITION STATEMENT | |
| Edition statement | Fourth edition. |
| 264 #1 - PUBLICATION, DISTRIBUTION, ETC. (IMPRINT) | |
| Place of publication, distribution, etc | Burlington, MA : |
| Name of publisher, distributor, etc | Elsevier Academic Press, |
| Date of publication, distribution, etc | [2009] |
| 264 #4 - PUBLICATION, DISTRIBUTION, ETC. (IMPRINT) | |
| Date of publication, distribution, etc | c2009 |
| 300 ## - PHYSICAL DESCRIPTION | |
| Extent | xv, 664 pages : |
| Other physical details | illustrations (some color) ; |
| Dimensions | 25 cm + |
| Accompanying material | 1 CD |
| 336 ## - CONTENT TYPE | |
| Source | rdacontent |
| Content type term | text |
| Content type code | txt |
| 336 ## - CONTENT TYPE | |
| Source | rdacontent |
| Content type term | sounds |
| Content type code | snd |
| 337 ## - MEDIA TYPE | |
| Media type term | unmediated |
| Source | rdamedia |
| Media type code | n |
| 337 ## - MEDIA TYPE | |
| Media type term | rdamedia |
| Source | audio |
| Media type code | s |
| 338 ## - CARRIER TYPE | |
| Carrier type term | volume |
| Carrier type code | nc |
| Source | rdacarrier |
| 338 ## - CARRIER TYPE | |
| Carrier type term | computer disc |
| Carrier type code | cd |
| Source | rdacarrier |
| 500 ## - GENERAL NOTE | |
| General note | Includes index. |
| 500 ## - GENERAL NOTE | |
| General note | Includes appendix.<br/> |
| 650 #7 - SUBJECT ADDED ENTRY--TOPICAL TERM | |
| Topical term or geographic name as entry element | Probabilities. |
| Source of heading or term | BUEsh |
| 9 (RLIN) | 9099 |
| 650 #7 - SUBJECT ADDED ENTRY--TOPICAL TERM | |
| Topical term or geographic name as entry element | Mathematical statistics. |
| Source of heading or term | BUEsh |
| 9 (RLIN) | 9100 |
| 653 ## - INDEX TERM--UNCONTROLLED | |
| Arrived date list | September2013 |
| 655 ## - INDEX TERM--GENRE/FORM | |
| Form subdivision | Reading book |
| 942 ## - ADDED ENTRY ELEMENTS (KOHA) | |
| Source of classification or shelving scheme | Dewey Decimal Classification |
| Koha item type | Book - Borrowing |
| Withdrawn status | Lost status | Source of classification or shelving scheme | Damaged status | Not for loan | Collection code | Home library | Current library | Shelving location | Date acquired | Source of acquisition | Cost, normal purchase price | Total Checkouts | Total Renewals | Full call number | Barcode | Date last seen | Date checked out | Cost, replacement price | Price effective from | Koha item type |
|---|---|---|---|---|---|---|---|---|---|---|---|---|---|---|---|---|---|---|---|---|
| Dewey Decimal Classification | Baccah | Central Library | Central Library | First floor | 26/10/2009 | Purchase | 290.00 | 6 | 12 | 519.2 ROS | 000018404 | 15/07/2025 | 01/11/2015 | 362.50 | 26/10/2009 | Book - Borrowing | ||||
| Dewey Decimal Classification | Baccah | Central Library | Central Library | First floor | 26/10/2009 | Purchase | 290.00 | 6 | 55 | 519.2 ROS | 000018422 | 15/07/2025 | 08/10/2015 | 362.50 | 26/10/2009 | Book - Borrowing | ||||
| Dewey Decimal Classification | Baccah | Central Library | Central Library | First floor | 26/10/2009 | Purchase | 290.00 | 8 | 45 | 519.2 ROS | 000018405 | 15/07/2025 | 13/10/2019 | 362.50 | 26/10/2009 | Book - Borrowing | ||||
| Dewey Decimal Classification | Baccah | Central Library | Central Library | First floor | 26/10/2009 | Purchase | 290.00 | 6 | 4 | 519.2 ROS | 000018421 | 15/07/2025 | 01/03/2023 | 362.50 | 26/10/2009 | Book - Borrowing | ||||
| Dewey Decimal Classification | Baccah | Central Library | Central Library | First floor | 26/10/2009 | Purchase | 290.00 | 2 | 519.2 ROS | 000018444 | 15/07/2025 | 06/01/2010 | 362.50 | 26/10/2009 | NB - Book (Non borrowing) | |||||
| Dewey Decimal Classification | Baccah | Central Library | Central Library | First floor | 26/10/2009 | Purchase | 290.00 | 519.2 ROS | 000018441 | 24/08/2022 | 362.50 | 26/10/2009 | CD | DVD - With book | |||||||
| Dewey Decimal Classification | Baccah | Central Library | Central Library | First floor | 26/10/2009 | Purchase | 290.00 | 519.2 ROS | 000018443 | 24/08/2022 | 362.50 | 26/10/2009 | CD | DVD - With book | |||||||
| Dewey Decimal Classification | Baccah | Central Library | Central Library | First floor | 26/10/2009 | Purchase | 290.00 | 519.2 ROS | 000018448 | 24/08/2022 | 362.50 | 26/10/2009 | CD | DVD - With book (NB) | |||||||
| Dewey Decimal Classification | Baccah | Central Library | Central Library | First floor | 26/10/2009 | Purchase | 290.00 | 1 | 519.2 ROS | 000018455 | 24/08/2022 | 18/10/2012 | 362.50 | 26/10/2009 | CD | DVD - With book | |||||
| Dewey Decimal Classification | Baccah | Central Library | Central Library | First floor | 26/10/2009 | Purchase | 290.00 | 519.2 ROS | 000018442 | 24/08/2022 | 362.50 | 26/10/2009 | CD | DVD - With book | |||||||
| Dewey Decimal Classification | Baccah | Central Library | Central Library | First floor | 30/09/2013 | Purchase | 290.00 | 2 | 20 | 519.2 ROS | 000029086 | 15/07/2025 | 06/12/2022 | 362.50 | 30/09/2013 | Book - Borrowing | ||||
| Dewey Decimal Classification | Baccah | Central Library | Central Library | First floor | 30/09/2013 | Purchase | 290.00 | 1 | 519.2 ROS | 000029087 | 15/07/2025 | 08/12/2013 | 362.50 | 30/09/2013 | Book - Borrowing | |||||
| Dewey Decimal Classification | Baccah | Central Library | Central Library | First floor | 30/09/2013 | Purchase | 290.00 | 3 | 9 | 519.2 ROS | 000029088 | 15/07/2025 | 29/09/2016 | 362.50 | 30/09/2013 | Book - Borrowing | ||||
| Dewey Decimal Classification | Baccah | Central Library | Central Library | First floor | 30/09/2013 | Purchase | 290.00 | 519.2 ROS | 000029089 | 15/07/2025 | 362.50 | 30/09/2013 | Book - Borrowing | |||||||
| Dewey Decimal Classification | Baccah | Central Library | Central Library | First floor | 30/09/2013 | Purchase | 290.00 | 519.2 ROS | 000029090 | 24/08/2022 | 362.50 | 30/09/2013 | CD | DVD - With book | |||||||
| Dewey Decimal Classification | Baccah | Central Library | Central Library | First floor | 30/09/2013 | Purchase | 290.00 | 519.2 ROS | 000029091 | 24/08/2022 | 362.50 | 30/09/2013 | CD | DVD - With book | |||||||
| Dewey Decimal Classification | Baccah | Central Library | Central Library | First floor | 30/09/2013 | Purchase | 290.00 | 519.2 ROS | 000029092 | 24/08/2022 | 362.50 | 30/09/2013 | CD | DVD - With book | |||||||
| Dewey Decimal Classification | Baccah | Central Library | Central Library | First floor | 30/09/2013 | Purchase | 290.00 | 519.2 ROS | 000029093 | 24/08/2022 | 362.50 | 30/09/2013 | CD | DVD - With book |